000 00648nam a2200205 i 4500
001 128592
003 ES-MaACL
005 20250814065423.0
007 t|
008 070521s1933 xxu ||||1| eng d
100 1 _aTarr, Ralph S.
_9109314
245 1 0 _aNew physical geography /
_cby Ralph S. Tarr and O. D. von Engeln ; illustrations by B.F. Williamson.
260 _aNew York :
_bMacmillan Company,
_c1933.
300 _aIX, 688 p. :
_bil. ;
_c23 cm.
650 0 7 _aGeografía física
_2embne
_913078
700 1 _aEngeln, O. D. von.
_947224
700 1 _aWilliamson, B.F.
_9164265
852 _aES-MaACL
_jA-1884
999 _c128592
_d128592